| 000 -LEADER |
| fixed length control field |
00393nam a22000977a 4500 |
| 008 - FIXED-LENGTH DATA ELEMENTS--GENERAL INFORMATION |
| fixed length control field |
160606b xxu||||| |||| 00| 0 eng d |
| 100 ## - MAIN ENTRY--AUTHOR'S NAME |
| Author's Name |
Gottsmich, Severin |
| 245 ## - TITLE STATEMENT |
| Title |
CSR revenue and railway stamps |
| Remainder of title |
CSR Stempel- und Eisenbahnmarken |
| 260 ## - PUBLICATION, DISTRIBUTION, ETC. (IMPRINT) |
| Place of publication, distribution, etc. |
Icking, Germany |
| Name of publisher, distributor, etc. |
ORA Verlag |
| Date of publication, distribution, etc. |
1976 |
| 650 ## - TOPICAL TERM (Tag) |
| Topical term or geographic name |
Czechoslovakia (1918-1992) | Revenues | Railway Stamps | Cinderella Material | Catalogs and Price Lists |